000 00414nam a2200145 a 4500
001 000031665
005 20200930063104.0
008 110629s1975 dr 000 0 spa d
040 _aDO-SdBNP
_bspa
_cBNPHU
110 2 _aInstituto de Desarrollo y Crédito Cooperativo
_936327
245 1 0 _aCooperativas agropecuarias.
260 _a[Santo Domingo] :
_bIDECOOP,
_c1975.
300 _a11 p. ;
_c21 cm.
049 _aBNPD
999 _c31157
_d31157